00693 2200181 4500245006700000020002200067250001200089100001700101700001700118650002200135005001900157260003200176041001400208084001100222300002900233500024000262336000900502 aBerani Berubah untuk Hidup yang Lebih BaikcMulasih TaryhText a978-623-7661-34-4 aCet. 17 aMulasih Tary aZhivana A.U. aPengembangan Diri a20241022071251 aYogyakartabChecklistc2024 aIndonesia a155.25 avi, 166 hlm. :c20,5 cm. aBuku ini berisi tentang bagaimana cara mengenal diri sendiri, apa saja sifat-sifat baik yang harus dimunculkan dalam hidup, bagaimana langkah-langkah yang harus ditempuh untuk menuju kehidupan yang lebih baik dan topik menarik lainnya. atext